000 00886nam0a22003011 4500
001 2572572
005 20250622224811.0
021 _aRU
_b78-46708
035 _a(NLR Aleph) 006456389
090 _a5791087
_c5791087
100 _a20110316d1978 |||y0rusy50 ca
101 1 _arus
_aeng
_cukr
_geng
102 _aRU
105 _ay z |||||
200 1 _aOn quark masses
_fL.L. Jenkovszky
210 _aKiev
_cБ. и.
_d1978
215 _a5 с.
_d22
225 1 _aPreprint
_fInst. for theoretical physics
_vITP-78-50E
300 _aВ надзаг.: Acad. of sci. of the Ukrainian SSR
320 _aБиблиогр.: с. 5
686 _aВ382.143,0
_2rubbk
700 1 _aЕнковски
_bЛ.Л.
_gЛасло Ласлович
801 0 _aRU
_bNLR
_gpsbo
801 1 _aRU
_bELAR
_2rusmarc
852 _aNLR
_jDesideratum
899 _aRuMoRGB
_jИн 66-12/206
942 _cBOOK
980 _aNB